000
00256nam a22000977a 4500
082
_a
005.1 IDE'D
245
_a
INDEAS EDUCATION:EDUCATION SOFTWARE REFERNCE CATALOG
260
_a
USA
_b
DIGITAL EQUIPMENT CORPORATION
_c
1984
300
_a
XIV, 377P
942
_c
BK
999
_c
579366
_d
579366